[Event "WYCC Girls 10"]
[Site "Porto Carras"]
[Date "2015.10.28"]
[Round "4.4"]
[White "Song, Yuxin"]
[Black "Cai, Boheng"]
[Result "1/2-1/2"]
[BlackElo "1594"]
[WhiteElo "1700"]
[LiveChessVersion "1.4.6"]

1. e4 {[%clk 1:30:57]} c6 {[%clk 1:30:57]} 2. d4 {[%clk 1:31:21]} d5
{[%clk 1:31:21]} 3. Nc3 {[%clk 1:31:46]} dxe4 {[%clk 1:31:45]} 4. Nxe4
{[%clk 1:32:11]} Bf5 {[%clk 1:32:09]} 5. Ng3 {[%clk 1:32:33]} Bg6
{[%clk 1:32:33]} 6. h4 h6 {[%clk 1:32:57]} 7. Nf3 {[%clk 1:33:14]} Nd7
{[%clk 1:33:21]} 8. h5 {[%clk 1:33:39]} Bh7 {[%clk 1:33:46]} 9. Bd3
{[%clk 1:34:02]} Bxd3 {[%clk 1:34:09]} 10. Qxd3 {[%clk 1:34:26]} e6
{[%clk 1:34:32]} 11. Bd2 {[%clk 1:34:51]} Ngf6 {[%clk 1:34:48]} 12. O-O-O
{[%clk 1:35:09]} Bd6 {[%clk 1:35:11]} 13. Ne4 {[%clk 1:35:18]} Nxe4
{[%clk 1:35:34]} 14. Qxe4 {[%clk 1:35:44]} Nf6 {[%clk 1:35:58]} 15. Qe2
{[%clk 1:36:07]} Bc7 {[%clk 1:36:20]} 16. c4 {[%clk 1:36:11]} Qe7
{[%clk 1:36:37]} 17. Kb1 {[%clk 1:36:19]} O-O-O {[%clk 1:36:49]} 18. Bc3
{[%clk 1:36:45]} Kb8 {[%clk 1:36:55]} 19. Ne5 {[%clk 1:36:59]} Nd7
{[%clk 1:36:21]} 20. Nd3 {[%clk 1:36:04]} Nb6 {[%clk 1:32:33]} 21. b3
{[%clk 1:33:24]} Rhe8 {[%clk 1:30:34]} 22. Ne5 {[%clk 1:28:18]} Nd7
{[%clk 1:28:20]} 23. f4 {[%clk 1:25:59]} Nxe5 {[%clk 1:26:19]} 24. fxe5
{[%clk 1:18:25]} c5 {[%clk 1:25:16]} 25. Qg4 {[%clk 1:16:24]} cxd4
{[%clk 1:23:44]} 26. Bxd4 {[%clk 1:15:02]} Rg8 {[%clk 1:21:59]} 27. Rhf1
{[%clk 1:09:11]} Rd7 {[%clk 1:19:20]} 28. Bc3 {[%clk 1:06:06]} Rxd1+
{[%clk 1:15:21]} 29. Rxd1 {[%clk 1:06:17]} Kc8 {[%clk 1:15:07]} 30. Rf1
{[%clk 0:52:34]} Kb8 {[%clk 1:09:07]} 31. Rf6 {[%clk 0:50:31]} Qe8
{[%clk 1:04:21]} 32. Rf1 {[%clk 0:49:57]} Qe7 {[%clk 1:03:28]} 33. Kb2
{[%clk 0:41:32]} Bb6 {[%clk 0:57:20]} 34. Rf3 {[%clk 0:29:43]} Bc5
{[%clk 0:55:17]} 35. Qf4 {[%clk 0:28:08]} Rf8 {[%clk 0:53:50]} 36. Rg3
{[%clk 0:27:59]} Rg8 {[%clk 0:50:00]} 37. Rf3 {[%clk 0:28:20]} Rf8
{[%clk 0:50:21]} 38. Rg3 {[%clk 0:28:48]} Rg8 {[%clk 0:50:44]} 39. Qe4
{[%clk 0:25:53]} Bb4 {[%clk 0:47:16]} 40. Bd4 {[%clk 0:52:52]} Bc5
{[%clk 1:16:44]} 41. Bc3 {[%clk 0:50:06]} Bb4 {[%clk 1:16:57]} 42. Bd4
{[%clk 0:47:34]} Bc5 {[%clk 1:16:57]} 43. Bc3 {[%clk 0:47:55]} Bb4
{[%clk 1:17:22]} 1/2-1/2

[Event "WYCC Girls 10"]
[Site "Porto Carras"]
[Date "2015.10.28"]
[Round "4.5"]
[White "Munkhzul, Davaakhuu"]
[Black "Demeter, Dorina"]
[Result "1-0"]
[BlackElo "1684"]
[WhiteElo "1582"]
[LiveChessVersion "1.4.6"]

1. e4 {[%clk 1:30:08]} c5 {[%clk 1:30:54]} 2. Nf3 {[%clk 1:30:08]} e6
{[%clk 1:31:16]} 3. d4 {[%clk 1:30:08]} cxd4 {[%clk 1:31:41]} 4. Nxd4
{[%clk 1:30:07]} a6 {[%clk 1:32:00]} 5. Nc3 {[%clk 1:29:37]} Qc7 {[%clk 1:32:17]}
6. Be3 {[%clk 1:29:15]} Bb4 {[%clk 1:32:37]} 7. Bd2 {[%clk 1:21:34]} Nf6
{[%clk 1:27:57]} 8. Bd3 {[%clk 1:20:54]} Nc6 {[%clk 1:19:02]} 9. Nxc6
{[%clk 1:18:33]} bxc6 {[%clk 1:16:21]} 10. a3 {[%clk 1:17:54]} Bc5
{[%clk 1:05:46]} 11. Qf3 {[%clk 1:14:18]} d5 {[%clk 1:02:03]} 12. Bf4
{[%clk 1:08:56]} e5 {[%clk 1:01:19]} 13. Bg5 {[%clk 1:07:41]} Ng4
{[%clk 0:36:51]} 14. O-O {[%clk 1:02:55]} f6 {[%clk 0:28:15]} 15. Bd2
{[%clk 1:02:43]} d4 {[%clk 0:25:19]} 16. Na4 {[%clk 1:02:42]} Bd6
{[%clk 0:22:19]} 17. h3 {[%clk 1:02:18]} Nh6 {[%clk 0:18:54]} 18. Bxh6
{[%clk 0:59:14]} gxh6 {[%clk 0:18:18]} 19. Qh5+ {[%clk 0:55:46]} Qf7
{[%clk 0:16:42]} 20. Qxh6 {[%clk 0:55:25]} Rb8 {[%clk 0:14:59]} 21. Be2
{[%clk 0:55:04]} Bf8 {[%clk 0:14:09]} 22. Qh4 {[%clk 0:54:03]} h5
{[%clk 0:13:13]} 23. f4 {[%clk 0:54:11]} Bd6 {[%clk 0:09:50]} 24. fxe5
{[%clk 0:53:46]} Bxe5 {[%clk 0:10:04]} 25. Nc5 {[%clk 0:53:46]} Ke7
{[%clk 0:05:46]} 26. Nd3 {[%clk 0:53:48]} Qe6 {[%clk 0:04:48]} 27. Rf5
{[%clk 0:53:36]} Bc7 {[%clk 0:02:34]} 28. Raf1 {[%clk 0:53:22]} Ke8
{[%clk 0:00:33]} 29. Rxf6 {[%clk 0:53:29]} 1-0

[Event "WYCC Girls 10"]
[Site "Porto Carras"]
[Date "2015.10.28"]
[Round "4.6"]
[White "Long, Siyu"]
[Black "Mungunzul, Bat-Erdene"]
[Result "0-1"]
[BlackElo "1731"]
[WhiteElo "1474"]
[LiveChessVersion "1.4.6"]

1. e4 {[%clk 1:30:45]} e5 {[%clk 1:30:32]} 2. Nf3 {[%clk 1:30:25]} Nc6
{[%clk 1:30:40]} 3. Bc4 {[%clk 1:30:37]} Bc5 {[%clk 1:30:39]} 4. d3
{[%clk 1:29:48]} Nf6 {[%clk 1:26:23]} 5. Bg5 {[%clk 1:29:53]} h6 {[%clk 1:26:00]}
6. Bh4 {[%clk 1:29:36]} d6 {[%clk 1:24:04]} 7. Nc3 {[%clk 1:28:39]} Be6
{[%clk 1:20:41]} 8. Bb3 {[%clk 1:27:52]} g5 {[%clk 1:18:45]} 9. Bxe6
{[%clk 1:25:49]} fxe6 {[%clk 1:18:17]} 10. Bg3 {[%clk 1:25:51]} Qd7
{[%clk 1:15:33]} 11. Qd2 {[%clk 1:24:28]} O-O-O {[%clk 1:14:44]} 12. O-O-O
{[%clk 1:24:24]} a6 {[%clk 1:09:12]} 13. h3 {[%clk 1:22:50]} Rdf8
{[%clk 1:08:18]} 14. Nh2 {[%clk 1:22:30]} Nh5 {[%clk 1:03:19]} 15. a3
{[%clk 1:13:10]} Nxg3 {[%clk 1:02:01]} 16. fxg3 {[%clk 1:12:44]} Rf2
{[%clk 1:02:06]} 17. Qe1 {[%clk 1:12:10]} Rxg2 {[%clk 0:59:22]} 18. Ng4
{[%clk 1:10:58]} Nd4 {[%clk 0:53:57]} 19. Qf1 {[%clk 1:03:13]} Rxc2+
{[%clk 0:52:45]} 20. Kb1 {[%clk 1:03:16]} Bxa3 {[%clk 0:51:49]} 21. bxa3
{[%clk 1:02:19]} Rxc3 {[%clk 0:52:07]} 22. Ka2 {[%clk 1:02:12]} Qa4
{[%clk 0:52:09]} 23. Rd2 {[%clk 1:01:49]} Rc2+ {[%clk 0:51:57]} 24. Rxc2
{[%clk 1:02:06]} Qxc2+ {[%clk 0:52:21]} 25. Ka1 {[%clk 1:02:28]} Nb3#
{[%clk 0:52:43]} 0-1

[Event "WYCC Girls 10"]
[Site "Porto Carras"]
[Date "2015.10.28"]
[Round "4.7"]
[White "Allahverdiyeva, Ayan"]
[Black "Nguyen, Thien Ngan"]
[Result "1-0"]
[BlackElo "1431"]
[WhiteElo "1657"]
[LiveChessVersion "1.4.6"]

1. e4 {[%clk 1:30:54]} e5 {[%clk 1:30:45]} 2. Nf3 {[%clk 1:31:13]} Nc6
{[%clk 1:31:00]} 3. Bc4 {[%clk 1:26:56]} Bc5 {[%clk 1:30:24]} 4. c3
{[%clk 1:27:11]} Nf6 {[%clk 1:29:36]} 5. d4 {[%clk 1:27:33]} exd4
{[%clk 1:28:47]} 6. e5 {[%clk 1:27:49]} Qe7 {[%clk 1:14:32]} 7. O-O
{[%clk 1:08:08]} Ng8 {[%clk 1:03:14]} 8. cxd4 {[%clk 1:08:16]} Bb6
{[%clk 1:02:39]} 9. d5 {[%clk 1:06:31]} Nb8 {[%clk 0:57:30]} 10. d6
{[%clk 1:06:44]} Qf8 {[%clk 0:55:24]} 11. Be3 {[%clk 0:44:34]} c6
{[%clk 0:48:37]} 12. Nc3 {[%clk 0:40:33]} Na6 {[%clk 0:43:06]} 13. a4
{[%clk 0:37:56]} Ba5 {[%clk 0:39:17]} 14. Nd4 {[%clk 0:34:35]} h5
{[%clk 0:32:37]} 15. f4 {[%clk 0:34:06]} g6 {[%clk 0:29:44]} 16. f5
{[%clk 0:33:47]} gxf5 {[%clk 0:29:18]} 17. Rxf5 {[%clk 0:33:54]} Rh7
{[%clk 0:25:44]} 18. Qf3 {[%clk 0:33:03]} Bb6 {[%clk 0:23:31]} 19. Rf1
{[%clk 0:31:20]} Bxd4 {[%clk 0:22:09]} 20. Bxf7+ Rxf7 {[%clk 0:21:52]} 21. Rxf7
{[%clk 0:32:04]} Bxe3+ {[%clk 0:22:04]} 22. Kh1 {[%clk 0:32:27]} Qxf7
{[%clk 0:22:06]} 23. Qxf7+ {[%clk 0:32:35]} Kd8 {[%clk 0:22:29]} 24. Qxg8#
{[%clk 0:32:59]} 1-0

[Event "WYCC Girls 10"]
[Site "Porto Carras"]
[Date "2015.10.28"]
[Round "4.8"]
[White "Ke, Rianne"]
[Black "Lomaia, Diana"]
[Result "0-1"]
[BlackElo "1498"]
[WhiteElo "1392"]
[LiveChessVersion "1.4.6"]

1. e4 {[%clk 1:30:56]} c5 {[%clk 1:30:48]} 2. Nf3 {[%clk 1:31:13]} d6
{[%clk 1:30:50]} 3. d4 {[%clk 1:31:20]} cxd4 {[%clk 1:31:15]} 4. Nxd4
{[%clk 1:31:36]} Nf6 {[%clk 1:30:27]} 5. Nc3 {[%clk 1:31:19]} e5 {[%clk 1:29:24]}
6. Ndb5 {[%clk 1:26:03]} a6 {[%clk 1:28:04]} 7. Na3 {[%clk 1:23:39]} b5
{[%clk 1:24:59]} 8. b4 {[%clk 1:12:53]} Bb7 {[%clk 1:19:10]} 9. Qd3
{[%clk 0:51:57]} Qd7 {[%clk 1:13:44]} 10. Bd2 {[%clk 0:43:14]} Be7
{[%clk 1:11:06]} 11. Be2 {[%clk 0:41:30]} O-O {[%clk 1:08:28]} 12. O-O
{[%clk 0:40:08]} Nc6 {[%clk 1:07:07]} 13. Rab1 {[%clk 0:36:08]} Rac8
{[%clk 1:03:19]} 14. Bg5 {[%clk 0:30:29]} Nd4 {[%clk 1:01:44]} 15. f3
{[%clk 0:21:15]} Rxc3 {[%clk 0:59:48]} 16. Qd2 {[%clk 0:14:24]} Rfc8
{[%clk 0:58:50]} 17. Bd3 {[%clk 0:13:00]} Rxa3 {[%clk 0:58:54]} 18. Rb2
{[%clk 0:12:12]} Rac3 {[%clk 0:57:53]} 19. Be3 {[%clk 0:10:35]} Ne6
{[%clk 0:56:54]} 20. Rb3 {[%clk 0:09:45]} Rxb3 {[%clk 0:56:28]} 21. axb3
{[%clk 0:09:35]} Qc7 {[%clk 0:50:34]} 22. c4 {[%clk 0:07:46]} bxc4
{[%clk 0:49:54]} 23. bxc4 {[%clk 0:07:48]} Nd7 {[%clk 0:48:34]} 24. Rc1
{[%clk 0:06:28]} Nb6 {[%clk 0:45:46]} 25. Kf2 {[%clk 0:05:24]} Qd8
{[%clk 0:42:06]} 26. Be2 {[%clk 0:04:28]} Bg5 {[%clk 0:34:13]} 27. Bxg5
{[%clk 0:03:59]} Nxg5 {[%clk 0:33:11]} 28. c5 {[%clk 0:03:00]} dxc5
{[%clk 0:31:01]} 29. Qxd8+ {[%clk 0:03:01]} Rxd8 {[%clk 0:31:28]} 30. bxc5
{[%clk 0:02:21]} Rc8 {[%clk 0:31:34]} 31. Rb1 {[%clk 0:01:40]} Rc6
{[%clk 0:28:43]} 32. Rxb6 {[%clk 0:01:37]} Rxb6 {[%clk 0:29:05]} 33. cxb6
{[%clk 0:01:58]} Kf8 {[%clk 0:29:15]} 34. Ke3 {[%clk 0:01:47]} Ke7
{[%clk 0:28:51]} 35. Kd3 {[%clk 0:01:12]} Kd6 {[%clk 0:28:50]} 36. Kc4
{[%clk 0:01:21]} Kc6 {[%clk 0:29:09]} 37. Kb4 {[%clk 0:01:28]} Kxb6
{[%clk 0:29:20]} 38. h4 {[%clk 0:01:43]} Ne6 {[%clk 0:29:39]} 39. Bc4
{[%clk 0:01:45]} Bc8 {[%clk 0:29:55]} 40. Bd5 {[%clk 0:31:25]} f6
{[%clk 0:59:45]} 41. g3 {[%clk 0:31:16]} a5+ {[%clk 0:58:16]} 42. Kc4
{[%clk 0:28:37]} Ba6+ {[%clk 0:58:18]} 43. Kc3 {[%clk 0:27:31]} Nd4
{[%clk 0:58:09]} 44. Bg8 {[%clk 0:22:59]} h6 {[%clk 0:58:00]} 45. Kb2
{[%clk 0:19:53]} Nxf3 {[%clk 0:58:06]} 46. Kc3 {[%clk 0:18:18]} Nd4
{[%clk 0:58:23]} 47. Kd2 {[%clk 0:18:27]} Kc5 {[%clk 0:58:42]} 48. Ba2
{[%clk 0:17:34]} Bc4 {[%clk 0:58:56]} 49. Bb1 {[%clk 0:16:59]} Kb4
{[%clk 0:59:13]} 50. Kd1 {[%clk 0:16:10]} Kb3 {[%clk 0:59:21]} 51. Kd2
{[%clk 0:16:06]} a4 {[%clk 0:59:42]} 52. Bd3 {[%clk 0:15:16]} Bxd3
{[%clk 1:00:00]} 53. Kxd3 {[%clk 0:15:41]} a3 {[%clk 1:00:24]} 54. Ke3
{[%clk 0:15:41]} a2 55. Kf2 a1=Q {[%clk 1:00:06]} 56. Kg2 {[%clk 0:15:54]} h5
{[%clk 0:59:58]} 57. g4 {[%clk 0:16:11]} Qb2+ {[%clk 1:00:23]} 58. Kg3
{[%clk 0:16:33]} Qc3+ {[%clk 1:00:38]} 59. Kg2 {[%clk 0:17:00]} Qf3+
{[%clk 1:01:02]} 60. Kh2 {[%clk 0:17:09]} Ne2 {[%clk 1:01:11]} 61. gxh5
{[%clk 0:17:32]} Qg3+ {[%clk 1:01:36]} 62. Kh1 {[%clk 0:17:59]} Qg1#
{[%clk 1:01:54]} 0-1

[Event "WYCC Girls 10"]
[Site "Porto Carras"]
[Date "2015.10.28"]
[Round "4.9"]
[White "Lhotska, Anna"]
[Black "Can, Isil"]
[Result "0-1"]
[BlackElo "1795"]
[WhiteElo "1390"]
[LiveChessVersion "1.4.6"]

1. e4 {[%clk 1:30:55]} e5 {[%clk 1:30:56]} 2. Nf3 {[%clk 1:31:15]} Nc6
{[%clk 1:31:22]} 3. Nc3 {[%clk 1:31:26]} Nf6 {[%clk 1:31:44]} 4. d4
{[%clk 1:31:38]} Bb4 {[%clk 1:32:10]} 5. Bg5 {[%clk 1:30:07]} h6 {[%clk 1:30:41]}
6. Bxf6 {[%clk 1:25:23]} Qxf6 {[%clk 1:30:48]} 7. d5 {[%clk 1:24:59]} Ne7
{[%clk 1:28:57]} 8. Qd2 {[%clk 1:15:09]} d6 {[%clk 1:27:46]} 9. a3
{[%clk 1:14:29]} Ba5 {[%clk 1:25:20]} 10. Be2 {[%clk 1:10:23]} Ng6
{[%clk 1:25:29]} 11. g3 {[%clk 1:08:26]} Bd7 {[%clk 1:22:02]} 12. b4
{[%clk 1:05:12]} Bb6 {[%clk 1:22:03]} 13. a4 {[%clk 0:58:55]} a5 {[%clk 1:20:20]}
14. Bd1 {[%clk 0:50:42]} axb4 {[%clk 1:19:23]} 15. Nb1 {[%clk 0:49:21]} Bh3
{[%clk 1:17:49]} 16. Rg1 {[%clk 0:39:29]} O-O {[%clk 1:06:58]} 17. Be2
{[%clk 0:31:41]} Ba5 {[%clk 1:00:48]} 18. c3 {[%clk 0:28:23]} bxc3
{[%clk 0:59:34]} 19. Nxc3 {[%clk 0:28:34]} Bg4 {[%clk 0:59:17]} 20. Qd3
{[%clk 0:25:09]} Qe7 {[%clk 0:59:13]} 21. Kd1 {[%clk 0:19:33]} f5
{[%clk 0:58:33]} 22. exf5 {[%clk 0:13:28]} Bxf5 {[%clk 0:58:41]} 23. Ne4
{[%clk 0:12:16]} Nf4 {[%clk 0:42:15]} 24. gxf4 {[%clk 0:09:36]} exf4
{[%clk 0:42:37]} 25. Nfd2 {[%clk 0:09:43]} Bxd2 {[%clk 0:42:56]} 26. Qxd2
{[%clk 0:10:01]} Qxe4 {[%clk 0:42:55]} 27. Qc3 {[%clk 0:09:28]} Qxd5+
{[%clk 0:40:43]} 28. Kc1 {[%clk 0:08:24]} Qe5 {[%clk 0:40:31]} 29. Bc4+
{[%clk 0:07:32]} Kh8 {[%clk 0:40:26]} 30. Qa3 {[%clk 0:07:18]} d5
{[%clk 0:38:14]} 31. Bb3 {[%clk 0:05:43]} Qc3+ 0-1

[Event "WYCC Girls 10"]
[Site "Porto Carras"]
[Date "2015.10.28"]
[Round "4.10"]
[White "Reuter, Elisa"]
[Black "Keskin, Elif"]
[Result "1-0"]
[BlackElo "1411"]
[WhiteElo "1722"]
[LiveChessVersion "1.4.6"]

1. d4 {[%clk 1:30:58]} Nf6 {[%clk 1:30:44]} 2. Bg5 {[%clk 1:31:22]} d5
{[%clk 1:30:56]} 3. e3 {[%clk 1:31:40]} Bf5 {[%clk 1:21:10]} 4. c4
{[%clk 1:08:13]} e6 {[%clk 1:12:56]} 5. a3 {[%clk 1:04:13]} Be7 {[%clk 1:08:04]}
6. Nc3 {[%clk 0:57:12]} c6 {[%clk 0:57:05]} 7. Qb3 {[%clk 0:49:53]} Qc7
{[%clk 0:49:17]} 8. Bf4 {[%clk 0:50:13]} Qd7 {[%clk 0:47:55]} 9. Nf3
{[%clk 0:49:37]} O-O {[%clk 0:20:10]} 10. Ne5 {[%clk 0:48:08]} Qc8
{[%clk 0:19:07]} 11. Be2 {[%clk 0:43:07]} Nbd7 {[%clk 0:17:27]} 12. Nxd7
{[%clk 0:42:12]} Qxd7 {[%clk 0:17:05]} 13. O-O {[%clk 0:42:10]} Rac8
{[%clk 0:14:49]} 14. Qa4 {[%clk 0:37:51]} dxc4 {[%clk 0:12:02]} 15. Qxc4
{[%clk 0:25:06]} Nd5 {[%clk 0:09:12]} 16. Bg3 {[%clk 0:16:18]} c5
{[%clk 0:08:31]} 17. Qb5 {[%clk 0:07:35]} Qxb5 {[%clk 0:07:46]} 18. Nxb5
{[%clk 0:07:59]} Rfd8 {[%clk 0:06:28]} 19. Nxa7 {[%clk 0:07:53]} Ra8
{[%clk 0:06:28]} 20. Nb5 {[%clk 0:08:17]} Ra5 {[%clk 0:05:20]} 21. Rfc1
{[%clk 0:07:04]} cxd4 {[%clk 0:04:44]} 22. Nxd4 {[%clk 0:07:22]} Bg6
{[%clk 0:04:39]} 23. Bc7 {[%clk 0:05:25]} Nxc7 {[%clk 0:04:40]} 24. Rxc7
{[%clk 0:05:49]} Bf6 {[%clk 0:03:41]} 25. Rxb7 {[%clk 0:05:58]} Be4
{[%clk 0:03:23]} 26. Rb4 {[%clk 0:05:34]} Rad5 {[%clk 0:01:56]} 27. Rc1
{[%clk 0:01:13]} Be7 {[%clk 0:01:07]} 28. Rb3 {[%clk 0:00:40]} e5
{[%clk 0:00:44]} 29. Nc6 {[%clk 0:01:00]} R5d7 {[%clk 0:00:55]} 30. Nxd8 Rxd8
{[%clk 0:01:20]} 31. Rbc3 {[%clk 0:01:45]} h6 {[%clk 0:01:06]} 32. Rc8
{[%clk 0:01:58]} Rf8 {[%clk 0:01:11]} 33. Rxf8+ {[%clk 0:02:22]} Bxf8
{[%clk 0:01:36]} 34. b4 {[%clk 0:02:44]} Bd5 {[%clk 0:01:57]} 35. b5
{[%clk 0:03:08]} Bb7 {[%clk 0:02:19]} 36. a4 {[%clk 0:03:28]} Bd6
{[%clk 0:02:37]} 37. a5 {[%clk 0:03:46]} Bb8 {[%clk 0:03:02]} 38. a6
{[%clk 0:04:09]} Bxa6 {[%clk 0:03:19]} 39. bxa6 {[%clk 0:04:35]} Kh7
{[%clk 0:03:44]} 40. Kf1 {[%clk 0:34:54]} Ba7 {[%clk 0:34:04]} 41. Rc7
{[%clk 0:35:14]} Bb8 {[%clk 0:34:24]} 42. a7 {[%clk 0:35:36]} Bxa7
{[%clk 0:34:43]} 43. Rxa7 {[%clk 0:36:01]} f5 {[%clk 0:35:07]} 44. Ra5
{[%clk 0:36:22]} g6 {[%clk 0:35:31]} 45. Rxe5 {[%clk 0:36:47]} Kg7
{[%clk 0:35:58]} 46. Ke1 {[%clk 0:37:09]} Kf6 {[%clk 0:36:25]} 47. Ra5
{[%clk 0:37:31]} g5 {[%clk 0:36:49]} 48. Kd2 {[%clk 0:37:56]} h5 49. Kd3 g4
{[%clk 0:37:03]} 50. f3 {[%clk 0:38:16]} gxf3 {[%clk 0:37:25]} 51. Bxf3
{[%clk 0:38:42]} h4 {[%clk 0:37:51]} 52. Ra4 {[%clk 0:38:59]} h3 {[%clk 0:38:12]}
53. gxh3 {[%clk 0:39:22]} Kg5 {[%clk 0:38:31]} 54. Ra5 {[%clk 0:39:26]} Kf6
{[%clk 0:38:42]} 55. Bg4 {[%clk 0:39:42]} fxg4 {[%clk 0:39:03]} 56. hxg4
{[%clk 0:40:05]} Kg6 {[%clk 0:39:29]} 57. Ke4 {[%clk 0:40:28]} Kf6
{[%clk 0:39:57]} 58. Re5 {[%clk 0:40:46]} Kg6 {[%clk 0:40:23]} 59. Rf5
{[%clk 0:41:08]} Kg7 {[%clk 0:40:44]} 60. Ke5 {[%clk 0:41:29]} Kh7
{[%clk 0:41:05]} 61. Kf6 {[%clk 0:41:21]} Kh8 {[%clk 0:41:28]} 62. Rg5
{[%clk 0:41:41]} Kh7 {[%clk 0:41:53]} 63. Rg6 {[%clk 0:42:01]} Kh8
{[%clk 0:42:18]} 64. Kf7 {[%clk 0:42:19]} Kh7 {[%clk 0:42:45]} 65. h4
{[%clk 0:42:38]} Kh8 {[%clk 0:43:10]} 66. Rh6# 1-0

[Event "WYCC Girls 10"]
[Site "Porto Carras"]
[Date "2015.10.28"]
[Round "4.11"]
[White "Hoshino, Meilin"]
[Black "Kirchei, Viktoriia"]
[Result "0-1"]
[BlackElo "1663"]
[WhiteElo "1360"]
[LiveChessVersion "1.4.6"]

1. d4 {[%clk 1:30:56]} d5 {[%clk 1:30:51]} 2. c4 {[%clk 1:31:11]} e6
{[%clk 1:31:15]} 3. Nc3 {[%clk 1:31:24]} c6 {[%clk 1:31:38]} 4. Nf3
{[%clk 1:31:33]} dxc4 {[%clk 1:32:00]} 5. e4 {[%clk 1:31:34]} b5 {[%clk 1:32:24]}
6. a4 {[%clk 1:31:42]} Bb4 {[%clk 1:32:46]} 7. Bd2 {[%clk 1:31:04]} a5
{[%clk 1:33:07]} 8. axb5 {[%clk 1:29:53]} Bxc3 {[%clk 1:33:30]} 9. Bxc3
{[%clk 1:29:29]} cxb5 {[%clk 1:33:53]} 10. b3 {[%clk 1:26:56]} Bb7
{[%clk 1:34:11]} 11. bxc4 {[%clk 1:24:40]} b4 {[%clk 1:34:32]} 12. Bb2
{[%clk 1:24:03]} Bxe4 {[%clk 1:21:03]} 13. Bd3 {[%clk 1:15:34]} Bxd3
{[%clk 1:20:55]} 14. Qxd3 {[%clk 1:15:43]} Nf6 {[%clk 1:18:59]} 15. O-O
{[%clk 1:11:23]} O-O {[%clk 1:17:12]} 16. d5 {[%clk 1:09:26]} exd5
{[%clk 1:15:23]} 17. Ng5 {[%clk 0:51:31]} dxc4 {[%clk 1:08:35]} 18. Qxc4 Nbd7
{[%clk 1:05:31]} 19. Rfd1 {[%clk 0:45:28]} h6 {[%clk 0:58:52]} 20. Nf3
{[%clk 0:25:01]} Rc8 {[%clk 0:58:26]} 21. Qf4 {[%clk 0:23:12]} Rc2
{[%clk 0:57:48]} 22. Bxf6 {[%clk 0:19:13]} Qxf6 {[%clk 0:57:35]} 23. Qe4
{[%clk 0:19:25]} b3 {[%clk 0:57:07]} 24. Rxa5 {[%clk 0:18:32]} Qb6
{[%clk 0:56:53]} 25. Nd4 {[%clk 0:12:01]} Qxa5 {[%clk 0:56:15]} 26. Nxc2
{[%clk 0:11:21]} bxc2 {[%clk 0:55:43]} 27. Qxc2 {[%clk 0:11:32]} Re8
{[%clk 0:55:28]} 28. h3 {[%clk 0:11:09]} Nf6 {[%clk 0:54:45]} 29. Rb1
{[%clk 0:09:20]} Qg5 {[%clk 0:50:04]} 30. Kf1 {[%clk 0:08:11]} Ne4
{[%clk 0:49:14]} 31. Kg1 {[%clk 0:06:51]} Nd2 {[%clk 0:49:23]} 32. Ra1
{[%clk 0:05:49]} Nf3+ {[%clk 0:49:25]} 33. Kh1 {[%clk 0:06:01]} Qe5
{[%clk 0:48:30]} 34. gxf3 {[%clk 0:05:45]} Qxa1+ {[%clk 0:48:52]} 35. Kg2
{[%clk 0:06:06]} Qe5 {[%clk 0:48:51]} 36. Qc6 {[%clk 0:05:58]} Re6
{[%clk 0:48:31]} 37. Qc8+ {[%clk 0:05:58]} Kh7 {[%clk 0:48:49]} 38. Qf8
{[%clk 0:05:44]} Qg5+ {[%clk 0:48:26]} 39. Kf1 {[%clk 0:05:55]} Qc1+
{[%clk 0:48:45]} 40. Kg2 {[%clk 0:36:05]} Rg6+ {[%clk 1:19:09]} 41. Kh2
{[%clk 0:36:17]} Qg1# 0-1

[Event "WYCC Girls 10"]
[Site "Porto Carras"]
[Date "2015.10.28"]
[Round "4.12"]
[White "Hakobyan, Astghik"]
[Black "Kairbekova, Amina"]
[Result "0-1"]
[BlackElo "1655"]
[WhiteElo "1314"]
[LiveChessVersion "1.4.6"]

1. e4 {[%clk 1:30:57]} c5 {[%clk 1:30:18]} 2. Nf3 {[%clk 1:31:17]} Nc6
{[%clk 1:29:55]} 3. d4 {[%clk 1:31:39]} cxd4 {[%clk 1:29:51]} 4. Nxd4
{[%clk 1:32:02]} g6 {[%clk 1:29:40]} 5. Be3 {[%clk 1:32:25]} Bg7 {[%clk 1:29:29]}
6. Nc3 {[%clk 1:32:34]} Nf6 {[%clk 1:29:04]} 7. Nb3 {[%clk 1:28:08]} O-O
{[%clk 1:28:01]} 8. Be2 {[%clk 1:25:43]} a5 {[%clk 1:26:24]} 9. O-O
{[%clk 1:25:24]} d6 {[%clk 1:23:51]} 10. f4 {[%clk 1:24:42]} a4 {[%clk 1:23:13]}
11. Nd4 {[%clk 1:23:54]} Bd7 {[%clk 1:21:13]} 12. Qd2 {[%clk 1:15:21]} Re8
{[%clk 1:18:14]} 13. f5 {[%clk 1:10:07]} Ne5 {[%clk 1:14:47]} 14. Bh6
{[%clk 1:03:13]} Bh8 {[%clk 1:11:50]} 15. fxg6 {[%clk 1:00:10]} fxg6
{[%clk 1:06:20]} 16. h3 {[%clk 0:52:44]} Qc8 {[%clk 1:02:58]} 17. Rf2
{[%clk 0:49:19]} Qc5 {[%clk 0:58:21]} 18. Be3 {[%clk 0:44:23]} Qc7
{[%clk 0:56:16]} 19. Raf1 {[%clk 0:44:29]} Bg7 {[%clk 0:54:38]} 20. Bh6
{[%clk 0:39:36]} Qc5 {[%clk 0:52:18]} 21. Bxg7 {[%clk 0:39:38]} Kxg7
{[%clk 0:52:39]} 22. Nf3 {[%clk 0:24:43]} Rac8 {[%clk 0:48:51]} 23. Ng5
{[%clk 0:22:48]} h6 {[%clk 0:46:57]} 24. Nf3 {[%clk 0:23:05]} Rf8
{[%clk 0:46:18]} 25. Nd4 {[%clk 0:22:53]} Qb4 {[%clk 0:45:30]} 26. Bb5
{[%clk 0:11:25]} Bxb5 {[%clk 0:44:28]} 27. Ndxb5 {[%clk 0:10:26]} Nc6
{[%clk 0:33:30]} 28. Qe3 {[%clk 0:07:16]} Qc4 {[%clk 0:32:16]} 29. Na3
{[%clk 0:06:17]} Qe6 {[%clk 0:31:13]} 30. Nab5 {[%clk 0:05:45]} Qe5
{[%clk 0:30:12]} 31. Rd1 {[%clk 0:05:17]} Rcd8 {[%clk 0:27:54]} 32. Nd4
{[%clk 0:04:37]} d5 {[%clk 0:27:03]} 33. Re2 {[%clk 0:03:51]} dxe4
{[%clk 0:25:39]} 34. Nxc6 {[%clk 0:02:43]} Rxd1+ {[%clk 0:23:59]} 35. Nxd1
{[%clk 0:03:09]} bxc6 {[%clk 0:24:24]} 36. Nf2 {[%clk 0:03:17]} Qxb2
{[%clk 0:23:27]} 37. Qc5 {[%clk 0:03:27]} Nd5 {[%clk 0:21:51]} 38. Rxe4
{[%clk 0:02:21]} Qc1+ {[%clk 0:20:36]} 39. Kh2 {[%clk 0:02:30]} Qf1
{[%clk 0:19:14]} 40. Ng4 {[%clk 0:32:26]} Qf5 {[%clk 0:48:51]} 41. Rxa4
{[%clk 0:30:30]} h5 {[%clk 0:47:57]} 42. Qd4+ {[%clk 0:28:48]} Kh7
{[%clk 0:46:48]} 43. Ne5 {[%clk 0:28:44]} Qxc2 {[%clk 0:46:16]} 44. Rc4
{[%clk 0:28:02]} Qe2 {[%clk 0:45:24]} 45. Nxc6 {[%clk 0:27:09]} Ne3
{[%clk 0:44:17]} 46. Qe4 {[%clk 0:24:42]} Qxc4 {[%clk 0:43:57]} 47. Qxe7+
{[%clk 0:24:21]} Rf7 {[%clk 0:43:59]} 48. Qe8 {[%clk 0:24:32]} Qf4+ 0-1